000 00343nam a2200133Ia 4500
008 190722s9999 xx 000 0 und d
020 _a978-983-47-1046-0
100 _aMohd Rizal Palil
245 0 _aFundamentals of Business Accounting
250 _a2rd
260 _aNew York
_bOxford University Press
_c2014
300 _a477
942 _cBK
999 _c988
_d988